00553nam a22001815i 450000500170000001000140001702000260003103500130005703700140007008200080008410000190009224500740011126000390018527000570022430000440028149000270032570000190035220190211114335.0 aB-7012230 a9789357940689c295.00 aB-701230 bDBADadpl a0051 aMehra, Navneet10aNational cyber Olympiad - 10 /cby Navneet Mehra [and ] Ishita Bhown  bV & S Publishersc2016aNew Delhi  aF-2/16, Ansari Road, Darya Ganj bNew Delhi e110002 a200 p ;b24cm (pbk) cIllus.eC.D.Rome aThe Gen. X series v10 aBhown, Ishita